[Event "Superettan(SS 4 Springare-Vasteras II)"]
[Site "?"]
[Date "2023.03.12"]
[Round "9"]
[White "Gillefalk, Bjorn"]
[Black "Larkin, Vladyslav"]
[Result "0-1"]
[WhiteElo "2083"]
[BlackElo "2450"]
[PlyCount "40"]
[SourceVersionDate "2023.03.29"]

1. e4 c5 2. Nf3 e6 3. c3 Nf6 4. e5 Nd5 5. d4 cxd4 6. Qxd4 Nc6 7. Qe4 f5 8. Qe2
b6 9. g3 Qc7 10. a4 a5 11. Na3 Bxa3 12. Rxa3 Ba6 13. c4 Rc8 14. b3 Nc3 15. Qb2
Ne4 16. Bf4 Nb4 17. Ra1 Bb7 18. Rc1 g5 19. Nxg5 Nxg5 20. Bxg5 Bxh1 0-1

[Event "Superettan(Vaxjo-Rockaden,Stockholm II)"]
[Site "?"]
[Date "2023.03.12"]
[Round "9"]
[White "Kenneskog, Theodor"]
[Black "Solodovnichenko, Yuri"]
[Result "1/2-1/2"]
[WhiteElo "2318"]
[BlackElo "2514"]
[PlyCount "80"]
[SourceVersionDate "2023.03.30"]

1. e4 c5 2. Nf3 d6 3. d4 cxd4 4. Nxd4 Nf6 5. Nc3 Nc6 6. Bg5 e6 7. Qd2 Be7 8.
O-O-O a6 9. Kb1 Bd7 10. Nxc6 Bxc6 11. f3 O-O 12. h4 Qc7 13. Ne2 Rfc8 14. Nd4
Bd7 15. g4 b5 16. Be3 e5 17. Nf5 Bxf5 18. gxf5 d5 19. Rg1 d4 20. Bh6 Nh5 21.
Bd3 Qb6 22. Rxg7+ Nxg7 23. Rg1 Qf6 24. Bxg7 Qxg7 25. Rxg7+ Kxg7 26. f4 f6 27.
Qg2+ Kh8 28. fxe5 fxe5 29. Qh2 Bf6 30. h5 Rg8 31. a3 Rab8 32. Ka2 a5 33. Qe2 b4
34. a4 Rg3 35. Bc4 Re3 36. Qg2 Rc8 37. Be6 Rd8 38. Bc4 Rc8 39. Be6 Rd8 40. Bc4
Rc8 1/2-1/2

[Event "Superettan(SS 4 Springare-Vasteras II)"]
[Site "?"]
[Date "2023.03.12"]
[Round "9"]
[White "Poley, Vladimir"]
[Black "Kimari, Patrick"]
[Result "0-1"]
[WhiteElo "2318"]
[BlackElo "2081"]
[PlyCount "106"]
[SourceVersionDate "2023.03.29"]

1. b4 d5 2. Bb2 Nf6 3. Nf3 Bf5 4. e3 e6 5. a3 Bd6 6. c4 dxc4 7. Bxc4 Nbd7 8.
Nc3 O-O 9. h3 c5 10. g4 Bg6 11. bxc5 Nxc5 12. d4 Nce4 13. Ne2 Qa5+ 14. Kf1 Rac8
15. Qb3 Rc6 16. Kg2 Rb6 17. Qa2 Nd5 18. Rhc1 h5 19. Bxd5 exd5 20. Bc3 Qb5 21.
Ne5 Bxe5 22. dxe5 hxg4 23. hxg4 Qd7 24. f3 Ng5 25. Kg3 Nxf3 26. Kxf3 Be4+ 27.
Kf2 Qxg4 28. Rg1 Qh4+ 29. Rg3 Rc8 30. Rag1 g6 31. Ke1 Bd3 32. Qxd5 Be4 33. Qa2
Rb1+ 34. Kd2 Rxg1 35. Rxg1 Qd8+ 36. Nd4 Qh4 37. Rf1 Qh2+ 38. Ne2 Rd8+ 39. Bd4
Bd5 40. Qc2 Qh3 41. Rc1 Be6 42. Qe4 Bd5 43. Qf4 Be6 44. Qf6 Re8 45. Rg1 b6 46.
Nf4 Qh2+ 47. Rg2 Qh1 48. Rf2 Bb3 49. e6 Qd1+ 50. Kc3 Rc8+ 51. Kb4 a5+ 52. Kb5
Bc4+ 53. Kxb6 Qb3+ 0-1

[Event "Superettan(Vaxjo-Rockaden,Stockholm II)"]
[Site "?"]
[Date "2023.03.12"]
[Round "9"]
[White "Lindberg, Bengt"]
[Black "Hedman, Erik"]
[Result "1/2-1/2"]
[WhiteElo "2351"]
[BlackElo "2314"]
[PlyCount "38"]
[SourceVersionDate "2023.03.30"]

1. e4 c5 2. Nf3 g6 3. d4 cxd4 4. Nxd4 Nf6 5. Nc3 Nc6 6. Nxc6 dxc6 7. Qxd8+ Kxd8
8. Bc4 Ke8 9. a4 e5 10. Bg5 Nd7 11. O-O f6 12. Be3 Bc5 13. Nd1 Ke7 14. a5 Bxe3
15. Nxe3 Nc5 16. f3 Be6 17. b4 Bxc4 18. Nxc4 Ne6 19. Rfd1 Rhd8 1/2-1/2

[Event "Superettan(SS 4 Springare-Vasteras II)"]
[Site "?"]
[Date "2023.03.12"]
[Round "9"]
[White "Gajic, Zoran"]
[Black "Jakenberg, Jussi"]
[Result "0-1"]
[WhiteElo "1939"]
[BlackElo "2080"]
[PlyCount "80"]
[SourceVersionDate "2023.03.29"]

1. d4 Nf6 2. Bf4 e6 3. e3 c5 4. Nf3 b6 5. c4 cxd4 6. exd4 Bb4+ 7. Nc3 O-O 8.
Bd3 d5 9. Qb3 dxc4 10. Qxb4 cxd3 11. O-O-O Nd5 12. Nxd5 Qxd5 13. Rxd3 Qxa2 14.
Ra3 Qd5 15. Bxb8 Rxb8 16. Rxa7 Bb7 17. Re1 Rfc8+ 18. Kd2 Qf5 19. Qb3 Bxf3 20.
gxf3 Qf4+ 21. Qe3 Qxh2 22. Raa1 Qd6 23. Qe5 Qb4+ 24. Ke3 Qxb2 25. Rh1 Qc3+ 26.
Kf4 Qc7 27. Rhb1 h6 28. Ra6 g5+ 29. Kg4 Qxe5 30. dxe5 Rc4+ 31. Kg3 b5 32. Ra5
b4 33. Ra4 Rf4 34. Rb3 Kg7 35. Ra7 Kg6 36. Re7 h5 37. Kg2 h4 38. Kh3 Rf5 39.
Kg4 Rxe5 40. f4 Re4 0-1

[Event "Superettan(Vaxjo-Rockaden,Stockholm II)"]
[Site "?"]
[Date "2023.03.12"]
[Round "9"]
[White "Crevatin, Leo"]
[Black "Olofsson-Dolk, Mattis"]
[Result "0-1"]
[WhiteElo "2313"]
[BlackElo "2201"]
[PlyCount "86"]
[SourceVersionDate "2023.03.30"]

1. d4 Nf6 2. c4 g6 3. f3 d5 4. cxd5 Nxd5 5. e4 Nb6 6. Nc3 Bg7 7. Be3 O-O 8. Qd2
e5 9. d5 c6 10. h4 cxd5 11. exd5 N8d7 12. h5 Nf6 13. hxg6 fxg6 14. O-O-O Bd7
15. d6 Rc8 16. Kb1 e4 17. Bh6 e3 18. Qxe3 Bf5+ 19. Ka1 Re8 20. Qd2 Bh8 21. Bb5
Re5 22. g4 Be6 23. Nge2 Nfd5 24. Rc1 Nxc3 25. Nxc3 Rxc3 26. Rxc3 Rxb5 27. Re1
Bf7 28. Qc2 Nc4 29. Rb1 Nxd6 30. Rd3 Qa5 31. a3 Rc5 32. Qd1 Rd5 33. Rc1 Qb5 34.
Rd2 Nc4 35. Rxc4 Qxc4 36. Rxd5 Qxd5 37. Qb1 Qxf3 38. Qc1 Qxa3+ 39. Kb1 Qa2+ 40.
Kc2 Qc4+ 41. Kb1 Qxc1+ 42. Kxc1 Be6 43. g5 Bg7 0-1

[Event "Superettan(SS 4 Springare-Vasteras II)"]
[Site "?"]
[Date "2023.03.12"]
[Round "9"]
[White "Religa, Marek"]
[Black "Carlsson, Andreas"]
[Result "1-0"]
[WhiteElo "1797"]
[BlackElo "1911"]
[PlyCount "119"]
[SourceVersionDate "2023.03.29"]

1. e4 c5 2. c4 Nc6 3. Nc3 g6 4. g3 Bg7 5. Bg2 d6 6. Nge2 e5 7. Rb1 Nge7 8. O-O
O-O 9. Nd5 Nd4 10. d3 Bg4 11. f3 Be6 12. Nxd4 cxd4 13. b4 b6 14. Bg5 f6 15. Bd2
Qd7 16. a4 Nxd5 17. exd5 Bh3 18. Qb3 Rab8 19. Qa2 h5 20. a5 h4 21. Rb3 Rfc8 22.
Rc1 Bf8 23. Ra3 b5 24. a6 Kh7 25. Ra5 Be7 26. Rxb5 Rxb5 27. cxb5 Rxc1+ 28. Bxc1
Bxg2 29. Kxg2 hxg3 30. Qc4 gxh2 31. Kxh2 Bd8 32. Kg3 Qc7 33. Kf2 Kg7 34. Ke2
Kf7 35. Kd1 Ke7 36. Qa2 Qc3 37. Qc4 Bb6 38. Bd2 Qxc4 39. dxc4 f5 40. Ke2 e4 41.
fxe4 fxe4 42. Bg5+ Kd7 43. Kd2 Kc8 44. Bf4 Kd7 45. Bxd6 Bd8 46. Be5 Bg5+ 47.
Ke1 d3 48. b6 e3 49. Bg3 Bf6 50. bxa7 Bc3+ 51. Kf1 e2+ 52. Kg2 d2 53. a8=Q d1=Q
54. Qc6+ Ke7 55. Qe6+ Kf8 56. a7 Qf1+ 57. Kh2 Bd4 58. a8=Q+ Kg7 59. Qag8+ Kh6
60. Qexg6# 1-0

[Event "Superettan(Vaxjo-Rockaden,Stockholm II)"]
[Site "?"]
[Date "2023.03.12"]
[Round "9"]
[White "Sevastianov, Andrii"]
[Black "Eriksson, Dan"]
[Result "1-0"]
[WhiteElo "2151"]
[BlackElo "2243"]
[PlyCount "107"]
[SourceVersionDate "2023.03.30"]

1. e4 e5 2. Nf3 Nc6 3. Nc3 Nf6 4. Bb5 Nd4 5. O-O Nxb5 6. Nxb5 c6 7. Nc3 d6 8.
d4 Qc7 9. Bg5 Be7 10. a4 Bg4 11. d5 Nxd5 12. Nxd5 cxd5 13. Bxe7 Qxe7 14. Qxd5
Bxf3 15. Qb5+ Qd7 16. gxf3 Rc8 17. Rfd1 Rc6 18. Rd5 O-O 19. Rad1 Qe7 20. Qd3
Qg5+ 21. Kh1 Qh5 22. Qb3 Rb6 23. Rb5 Rc6 24. Rxb7 g5 25. Rg1 Kg7 26. Qe3 h6 27.
c3 Rd8 28. b3 d5 29. exd5 Rf6 30. Kg2 Rxd5 31. Rb5 Rxb5 32. axb5 Re6 33. Re1
Re7 34. Qc5 Kf6 35. Re4 Qg6 36. b6 axb6 37. Qxb6+ Re6 38. Qe3 h5 39. h3 Qf5 40.
b4 Rd6 41. Qe2 Qc8 42. c4 Rd4 43. c5 g4 44. hxg4 Qd7 45. Qe3 hxg4 46. Qh6+ Ke7
47. Qg5+ Kf8 48. Rxg4 Qd5 49. Rxd4 Qxd4 50. c6 e4 51. Qc5+ Qxc5 52. bxc5 exf3+
53. Kxf3 Ke8 54. Ke4 1-0

[Event "Superettan(SS 4 Springare-Vasteras II)"]
[Site "?"]
[Date "2023.03.12"]
[Round "9"]
[White "Granath, Jonas"]
[Black "Seiger, Vidar"]
[Result "1-0"]
[WhiteElo "1887"]
[BlackElo "1586"]
[PlyCount "78"]
[SourceVersionDate "2023.03.29"]

1. e4 d6 2. d4 Nf6 3. Nc3 g6 4. Nf3 Bg7 5. Be3 O-O 6. Qd2 c6 7. Bh6 b5 8. Bd3
Qc7 9. h4 e5 10. dxe5 dxe5 11. h5 Bxh6 12. Qxh6 Ng4 13. Qd2 Na6 14. Ng5 h6 15.
f3 hxg5 16. fxg4 Qe7 17. O-O-O Nc5 18. hxg6 Nxd3+ 19. Qxd3 Bxg4 20. Qg3 Qe6 21.
Qh2 Bh3 22. Qxh3 Qxh3 23. Rxh3 fxg6 24. Rd7 Rf2 25. Rg3 b4 26. Nd1 Re2 27. Rxg5
Rxe4 28. Rxg6+ Kh8 29. Rxc6 Re2 30. Re6 Rf8 31. Rd2 Re1 32. g4 Kg7 33. c3 bxc3
34. bxc3 Rc8 35. Kc2 Rc4 36. g5 Ra4 37. Kb3 Rg4 38. Re7+ Kg6 39. Rxa7 Rxg5 1-0

[Event "Superettan(Vaxjo-Rockaden,Stockholm II)"]
[Site "?"]
[Date "2023.03.12"]
[Round "9"]
[White "Nikolic, Vladan"]
[Black "Rydstrom, Tom"]
[Result "1-0"]
[WhiteElo "2188"]
[BlackElo "2306"]
[PlyCount "51"]
[SourceVersionDate "2023.03.30"]

1. d4 e6 2. c4 b6 3. a3 Bb7 4. Nc3 Nf6 5. d5 g6 6. e4 d6 7. Nf3 Bg7 8. Bd3 O-O
9. h3 Nbd7 10. Be3 Re8 11. O-O e5 12. b4 Nh5 13. g3 f5 14. exf5 e4 15. Nxe4
Bxa1 16. fxg6 Bb2 17. gxh7+ Kg7 18. Nfg5 Nhf6 19. h8=Q+ Kxh8 20. Nf7+ Kg7 21.
Nxd8 Raxd8 22. Nxf6 Nxf6 23. Qd2 Be5 24. Bb1 Kf7 25. f4 Bb2 26. Bf2 1-0

[Event "Superettan(Vaxjo-Rockaden,Stockholm II)"]
[Site "?"]
[Date "2023.03.12"]
[Round "9"]
[White "Lindborg, Patrik"]
[Black "Bryntze, Stefan"]
[Result "1/2-1/2"]
[WhiteElo "2184"]
[BlackElo "2226"]
[PlyCount "77"]
[SourceVersionDate "2023.03.30"]

1. d4 e6 2. c4 b6 3. Nf3 Bb7 4. g3 Bb4+ 5. Bd2 Bxd2+ 6. Nbxd2 d6 7. Bg2 Nd7 8.
O-O Ngf6 9. Qc2 O-O 10. Rfd1 Qe7 11. b4 c5 12. a3 cxd4 13. Nxd4 Bxg2 14. Kxg2
Rac8 15. Qb3 Ne5 16. f4 Neg4 17. h3 Qb7+ 18. Kg1 Nh6 19. g4 Ne4 20. Qf3 f5 21.
Nxe6 Rfe8 22. gxf5 d5 23. cxd5 Nc3 24. d6 Qd7 25. Rdc1 Nxf5 26. Rxc3 Rxc3 27.
Qxc3 Rxe6 28. Nf3 Rxd6 29. Ne5 Qe6 30. Rc1 Ne7 31. Qc7 h6 32. Qb8+ Kh7 33. Qe8
Qxh3 34. Qxe7 Qg3+ 35. Kh1 Qh3+ 36. Kg1 Qg3+ 37. Kh1 Qh3+ 38. Kg1 Qg3+ 39. Kh1
1/2-1/2

[Event "Superettan(Burgsvik-Orgryte)"]
[Site "?"]
[Date "2023.03.12"]
[Round "9"]
[White "Olsson, William"]
[Black "Haitin, Ilja"]
[Result "0-1"]
[WhiteElo "2298"]
[BlackElo "2337"]
[PlyCount "148"]
[SourceVersionDate "2023.03.29"]

1. c4 d6 2. g3 g6 3. Bg2 Bg7 4. Nc3 e5 5. b4 a5 6. b5 Nd7 7. Ba3 Ne7 8. Nf3 O-O
9. O-O Nf5 10. Rc1 Re8 11. e3 Nc5 12. d3 Rb8 13. Qc2 Ne7 14. Nd2 b6 15. Bb2 Be6
16. Nb3 Qd7 17. Rfd1 Bh3 18. Bh1 h5 19. Nd5 Nxd5 20. Bxd5 Qg4 21. Nd2 h4 22. d4
exd4 23. exd4 Ne6 24. Bf3 Qg5 25. Ne4 Qf5 26. Bh1 Ng5 27. Nxg5 Qxg5 28. Re1 Bd7
29. a4 Qg4 30. Bd5 Qg5 31. Qb3 Qf5 32. Bc3 h3 33. Bb2 Rxe1+ 34. Rxe1 Re8 35.
Rxe8+ Bxe8 36. Qd1 Bd7 37. Bf3 Be6 38. Be2 Qe4 39. Bf3 Qf5 40. Be2 d5 41. Bd3
Qg5 42. c5 bxc5 43. Bc1 Qe7 44. dxc5 Qxc5 45. Qc2 Bd4 46. Bf4 Qxc2 47. Bxc2 Bb6
48. Kf1 Kf8 49. Ke2 Ke7 50. f3 Bd7 51. Bb3 c6 52. bxc6 Bxc6 53. Kd3 f6 54. Be3
Bc7 55. f4 g5 56. Bc5+ Ke6 57. Ke3 gxf4+ 58. gxf4 Be8 59. Kf3 Bg6 60. Kg3 Be4
61. Bd1 Bd3 62. Bg4+ f5 63. Bd1 Bf1 64. Bd4 Bd6 65. Kf3 Bb4 66. Kf2 Bd3 67. Kg3
Be1+ 68. Bf2 Bxf2+ 69. Kxf2 d4 70. Kg3 Bb1 71. Bb3+ Kd6 72. Kf3 Kc5 73. Ke2 Kb4
74. Bd1 Kc3 0-1

[Event "Superettan(Lulea-Orebro)"]
[Site "?"]
[Date "2023.03.12"]
[Round "9"]
[White "Backe, Peter"]
[Black "Ernst, Thomas"]
[Result "0-1"]
[WhiteElo "2228"]
[BlackElo "2273"]
[PlyCount "83"]
[SourceVersionDate "2023.03.30"]

1. c4 c5 2. Nc3 Nf6 3. Nf3 d5 4. cxd5 Nxd5 5. g3 Nc6 6. Bg2 Nc7 7. O-O e5 8. d3
Be7 9. Be3 O-O 10. Nd2 Nd4 11. Nc4 f6 12. a4 Rb8 13. Nb5 a6 14. Nxc7 Qxc7 15.
a5 Bg4 16. f3 Be6 17. Bd2 Rfd8 18. Rf2 Qd7 19. b3 Bh3 20. Bh1 Qe6 21. Rb1 Nc6
22. Bc3 Bf8 23. Qc1 Qe8 24. f4 exf4 25. Qxf4 Nd4 26. e3 Nb5 27. Bb2 Rxd3 28.
Ne5 Rd6 29. Qh4 Be6 30. Be4 h6 31. Nc4 g5 32. Bh7+ Kxh7 33. Qe4+ Kg8 34. Rxf6
Bd5 35. Rxf8+ Qxf8 36. Qe5 Bxc4 37. bxc4 Nd4 38. exd4 Re8 39. Qxc5 Qf3 40. Qxd6
Qe3+ 41. Kg2 Qe4+ 42. Kh3 0-1

[Event "Superettan(Kamraterna-Upsala)"]
[Site "?"]
[Date "2023.03.12"]
[Round "9"]
[White "Sirin, Atakan"]
[Black "Aberg, Anton"]
[Result "1/2-1/2"]
[WhiteElo "2332"]
[BlackElo "2318"]
[PlyCount "142"]
[SourceVersionDate "2023.03.30"]

1. d4 d5 2. Nc3 c6 3. Bf4 Nf6 4. e3 Bf5 5. f3 Nbd7 6. g4 Bg6 7. h4 h6 8. h5 Bh7
9. Bd3 Bxd3 10. cxd3 e6 11. Qd2 Be7 12. Qh2 Rc8 13. Nge2 a6 14. Kf2 c5 15. Rac1
b5 16. a3 O-O 17. Rhg1 Nh7 18. Kg2 Qb6 19. Rgd1 Rc6 20. dxc5 Bxc5 21. d4 Be7
22. Rc2 Rfc8 23. Qg1 a5 24. Rdc1 Rc4 25. Qd1 b4 26. axb4 axb4 27. b3 Rxc3 28.
Nxc3 bxc3 29. Rxc3 Rxc3 30. Rxc3 f6 31. Qc2 Nhf8 32. Rc6 Qb4 33. Bc7 e5 34.
dxe5 fxe5 35. Qd3 d4 36. exd4 Qxd4 37. Qc4+ Qxc4 38. bxc4 Kf7 39. Bd6 Ne6 40.
Bxe7 Kxe7 41. Ra6 Ndc5 42. Ra7+ Kf6 43. Kg3 Nd3 44. Ra6 e4 45. fxe4 Ndc5 46.
Ra7 Nxe4+ 47. Kh4 N4g5 48. Ra5 Nf3+ 49. Kg3 Nd2 50. Ra4 Ne4+ 51. Kh4 Ke5 52.
Ra6 N4g5 53. Ra5+ Kd4 54. Ra4 Kc3 55. Ra3+ Kxc4 56. Ra4+ Kd3 57. Ra3+ Ke2 58.
Ra2+ Ke3 59. Ra3+ Kf4 60. Ra4+ Ne4 61. Ra7 N6g5 62. Ra4 Ne6 63. Ra7 N6g5 64.
Ra4 Ke5 65. Ra5+ Kf6 66. Rf5+ Ke7 67. Ra5 Kf7 68. Ra7+ Kg8 69. Ra8+ Kh7 70. Ra4
Nc5 71. Ra8 Nce4 1/2-1/2

[Event "Superettan(Burgsvik-Orgryte)"]
[Site "?"]
[Date "2023.03.12"]
[Round "9"]
[White "Schandorff, Lars"]
[Black "Abdrlauf, Elham"]
[Result "1/2-1/2"]
[WhiteElo "2482"]
[BlackElo "2518"]
[PlyCount "120"]
[SourceVersionDate "2023.03.29"]

1. Nf3 c5 2. c4 Nf6 3. Nc3 g6 4. d4 cxd4 5. Nxd4 Bg7 6. e4 O-O 7. Be2 Nc6 8.
Be3 d6 9. O-O Bd7 10. h3 Nxd4 11. Bxd4 Bc6 12. Qc2 a5 13. Rad1 Nd7 14. Bxg7
Kxg7 15. Bg4 f5 16. exf5 h5 17. Be2 Rxf5 18. Bd3 Rf6 19. Be4 Nc5 20. Bxc6 bxc6
21. Ne4 Nxe4 22. Qxe4 Qd7 23. Rfe1 Kf7 24. Rd3 Qe6 25. Qxe6+ Rxe6 26. Rf3+ Rf6
27. Rfe3 Ra7 28. g3 Rb7 29. R1e2 Rf5 30. b3 a4 31. Kg2 axb3 32. axb3 Ra5 33.
Rf3+ Kg7 34. Rfe3 Kf7 35. Rf3+ Rf5 36. Rfe3 Ra7 37. Re4 g5 38. Re1 Rf6 39. R1e2
c5 40. R4e3 e5 41. b4 cxb4 42. Rb3 Ra4 43. Reb2 Ke6 44. Rxb4 Rxb4 45. Rxb4 Rf8
46. Rb7 h4 47. Rg7 Kf6 48. Rd7 Ke6 49. Rg7 hxg3 50. Kxg3 Kf5 51. Rd7 Rf6 52. c5
dxc5 53. Rc7 Ke4 54. Rxc5 Rf3+ 55. Kg2 Rf6 56. Rc3 Rf4 57. Ra3 Kf5 58. Rb3 Ke4
59. Ra3 Kf5 60. Rb3 Ke4 1/2-1/2

[Event "Superettan(Lulea-Orebro)"]
[Site "?"]
[Date "2023.03.12"]
[Round "9"]
[White "Hermansson, Emil"]
[Black "Lundin, Jan"]
[Result "1-0"]
[WhiteElo "2433"]
[BlackElo "2209"]
[PlyCount "61"]
[SourceVersionDate "2023.03.30"]

1. e4 c6 2. d4 d5 3. Nd2 dxe4 4. Nxe4 Nf6 5. Nxf6+ gxf6 6. c3 Nd7 7. g3 Nb6 8.
Bg2 h5 9. Nf3 Bg4 10. h3 Be6 11. a4 a5 12. b3 Nd5 13. Bd2 Bh6 14. O-O Qd7 15.
Bxh6 Rxh6 16. Qd2 Rh7 17. h4 Qd6 18. Rfe1 O-O-O 19. Rab1 Bf5 20. Rb2 Rg7 21. b4
Rdg8 22. bxa5 Nf4 23. Bf1 Bd3 24. Bxd3 Nxd3 25. Qxd3 Rxg3+ 26. Kf1 Qd7 27. a6
Qh3+ 28. Ke2 Rg2 29. a7 Rxf2+ 30. Kxf2 Rg2+ 31. Ke3 1-0

[Event "Superettan(Kamraterna-Upsala)"]
[Site "?"]
[Date "2023.03.12"]
[Round "9"]
[White "Hamark, Jesper"]
[Black "Burwick, Malte"]
[Result "1/2-1/2"]
[WhiteElo "2344"]
[BlackElo "2207"]
[PlyCount "225"]
[SourceVersionDate "2023.03.30"]

1. e4 g6 2. d4 Bg7 3. Nc3 d6 4. Be3 a6 5. Qd2 b5 6. O-O-O Bb7 7. f3 Nd7 8. h4
h6 9. Nh3 Ngf6 10. g4 Nb6 11. a3 e6 12. g5 hxg5 13. Nxg5 Qe7 14. Be2 O-O-O 15.
Kb1 Kb8 16. Na2 Nfd7 17. Qa5 Kc8 18. a4 Nc4 19. Bxc4 bxc4 20. Qb4 f6 21. Nh3
Rxh4 22. Nf2 Rdh8 23. Rxh4 Rxh4 24. Qxc4 Qe8 25. a5 Rh5 26. Bd2 Nf8 27. Qd3 f5
28. Rg1 fxe4 29. Nxe4 Qb5 30. Qc3 Qc6 31. Qe3 Qd5 32. Bc3 Rf5 33. Nb4 Qb5 34.
Nd3 Bd5 35. b3 Kb8 36. Kb2 Qd7 37. Ra1 Qf7 38. Ne1 Bc6 39. Qe2 Bb5 40. Qh2 Rd5
41. Rd1 Kb7 42. Kc1 Qe7 43. Bb2 Rh5 44. Qg2 Qh4 45. c4 Qf4+ 46. Qd2 Qxd2+ 47.
Kxd2 Bc6 48. Bc3 Rh3 49. Kc2 Bxe4+ 50. fxe4 Re3 51. Rd3 Rxe4 52. Rf3 Bh6 53.
Rh3 Bg7 54. Rf3 Bh6 55. Rh3 Bg5 56. Rh8 Rf4 57. Kd3 Rf7 58. Rg8 Kc6 59. Ke4
Rf4+ 60. Kd3 Rf7 61. Ke4 Rf4+ 62. Kd3 Rf5 63. Ke2 Kd7 64. Rh8 Ke8 65. Nf3 Bf6
66. Rh1 c5 67. Rd1 g5 68. b4 cxb4 69. Bxb4 Kd7 70. Rg1 Ng6 71. Ke3 Ne7 72. Bc3
Nc6 73. Nd2 Be7 74. Ke4 Nxa5 75. Ra1 Nxc4 76. Nxc4 d5+ 77. Kd3 dxc4+ 78. Kxc4
g4 79. Rxa6 g3 80. Ra7+ Ke8 81. Ra1 Kf7 82. Rg1 Bd6 83. Be1 Rg5 84. Rg2 Kg6 85.
Kd3 Kh5 86. Ke4 Kg4 87. Bd2 Rb5 88. Be3 Rb1 89. Rc2 Re1 90. Rc8 Kh3 91. Kf3
Rf1+ 92. Ke2 Rf8 93. Rc6 Rd8 94. Kf3 Rd7 95. Rc8 Rf7+ 96. Ke2 Bf4 97. Rh8+ Kg2
98. Re8 Bxe3 99. Kxe3 Kf1 100. Rxe6 g2 101. Rg6 g1=Q+ 102. Rxg1+ Kxg1 103. d5
Kg2 104. Ke4 Kg3 105. Ke5 Kg4 106. Ke6 Rf2 107. d6 Re2+ 108. Kf6 Rd2 109. Ke7
Kf5 110. d7 Re2+ 111. Kf7 Rd2 112. Ke7 Rxd7+ 113. Kxd7 1/2-1/2

[Event "Superettan(Burgsvik-Orgryte)"]
[Site "?"]
[Date "2023.03.12"]
[Round "9"]
[White "Vitenberg, Noam Aviv"]
[Black "Andersson, Tommy"]
[Result "1-0"]
[WhiteElo "2308"]
[BlackElo "2378"]
[PlyCount "79"]
[SourceVersionDate "2023.03.29"]

1. d4 Nf6 2. c4 e6 3. Nc3 d5 4. cxd5 exd5 5. Bg5 c6 6. e3 Be7 7. Bd3 Nbd7 8.
Nf3 O-O 9. O-O Ne4 10. Bf4 f5 11. Ne5 Ndf6 12. h3 Be6 13. Ne2 Nd6 14. Bh2 a5
15. Nf4 Bc8 16. Bc2 Nfe4 17. Rc1 Bg5 18. Bb3 Bh6 19. f3 Nf6 20. Kh1 g5 21. Nfd3
Kh8 22. g4 Bg7 23. Qe1 Nfe8 24. Bc2 Qe7 25. Nc5 Nf7 26. Ncd3 Nfd6 27. Bb1 Be6
28. Nc5 Bc8 29. Rg1 Nf7 30. Ncd3 Ned6 31. Qg3 Be6 32. Nc5 Bc8 33. b3 Bf6 34.
Rce1 Bg7 35. Nxf7+ Nxf7 36. gxf5 b6 37. Na4 Qb7 38. h4 Bf6 39. hxg5 Nxg5 40.
Qd6 1-0

[Event "Superettan(Lulea-Orebro)"]
[Site "?"]
[Date "2023.03.12"]
[Round "9"]
[White "Gruvaeus, Curt"]
[Black "Marklund, Niklas"]
[Result "1-0"]
[WhiteElo "2223"]
[BlackElo "2174"]
[PlyCount "74"]
[SourceVersionDate "2023.03.30"]

1. d4 Nf6 2. c4 g6 3. h4 Bg7 4. Nc3 d6 5. Bf4 Nc6 6. d5 e5 7. Bd2 Ne7 8. e4 O-O
9. Be2 c6 10. h5 b5 11. dxc6 bxc4 12. hxg6 hxg6 13. Qc1 Be6 14. Bh6 Ne8 15. Nf3
f6 16. Bxg7 Nxg7 17. Qd2 Rc8 18. Nd5 Kf7 19. c7 Rxc7 20. Nxc7 Qxc7 21. Rc1 Qb7
22. Rxc4 Bxc4 23. Bxc4+ Ke8 24. Qd3 Qb4+ 25. Nd2 Nh5 26. g3 Qxb2 27. O-O Qd4
28. Qxd4 exd4 29. Rb1 Kd8 30. Rb7 Nc6 31. Bd5 Ne5 32. Nb3 f5 33. Nxd4 Re8 34.
exf5 Nf6 35. Be6 gxf5 36. Bxf5 Ned7 37. Ne6+ Ke7 1-0

[Event "Superettan(Kamraterna-Upsala)"]
[Site "?"]
[Date "2023.03.12"]
[Round "9"]
[White "Johansson, Jan"]
[Black "Andreasson, Ingvar"]
[Result "1-0"]
[WhiteElo "2289"]
[BlackElo "2327"]
[PlyCount "55"]
[SourceVersionDate "2023.03.30"]

1. d4 d6 2. e4 Nf6 3. Nc3 g6 4. f4 Bg7 5. Nf3 O-O 6. e5 Nfd7 7. Bc4 c5 8. e6
Nb6 9. exf7+ Kh8 10. Bd3 Bg4 11. dxc5 dxc5 12. Be3 Nc6 13. Bxc5 Nd5 14. O-O
Nxc3 15. bxc3 Qa5 16. Be3 Qxc3 17. Rb1 Nd4 18. Bxd4 Bxd4+ 19. Kh1 Bb6 20. Rb3
Qf6 21. Qe1 Bxf3 22. Rxf3 e6 23. Rb5 Rac8 24. Re5 Rc6 25. Qe2 Bc7 26. Re4 Rxf7
27. Bc4 Rd7 28. Bb5 1-0

[Event "Superettan(Burgsvik-Orgryte)"]
[Site "?"]
[Date "2023.03.12"]
[Round "9"]
[White "Persson, Mats"]
[Black "Frisk Kockum, Anton"]
[Result "0-1"]
[WhiteElo "2323"]
[BlackElo "2331"]
[PlyCount "76"]
[SourceVersionDate "2023.03.29"]

1. e4 e6 2. d4 d5 3. Nc3 Bb4 4. exd5 Qxd5 5. Nf3 b6 6. Bd3 Ba6 7. O-O Bxc3 8.
bxc3 Nf6 9. Bf4 Bxd3 10. Qxd3 Nbd7 11. a4 O-O 12. a5 b5 13. a6 Rac8 14. Rfb1 c6
15. Bg5 Ne4 16. Be7 Rfe8 17. Bb4 Nb6 18. Re1 f5 19. Qe3 Nc4 20. Qf4 h6 21. h4
Qd8 22. h5 Nf6 23. Qh2 Qc7 24. Qh4 Qf7 25. Bc5 Rc7 26. Ne5 Nxe5 27. dxe5 Ne4
28. Bb4 Rd7 29. f3 Nd2 30. Re2 Rd5 31. Qf2 Nc4 32. Rae1 Red8 33. Bc5 R8d7 34.
g3 Nb2 35. Bd4 c5 36. Bxc5 Nd1 37. Rxd1 Rxd1+ 38. Re1 R7d2 0-1

[Event "Superettan(Lulea-Orebro)"]
[Site "?"]
[Date "2023.03.12"]
[Round "9"]
[White "Dedorson, Tomas"]
[Black "Horbing, Stefan"]
[Result "0-1"]
[WhiteElo "2174"]
[BlackElo "2090"]
[PlyCount "44"]
[SourceVersionDate "2023.03.30"]

1. d4 d5 2. Nf3 Nf6 3. Bf4 c5 4. e3 Nc6 5. c3 Qb6 6. Qb3 c4 7. Qxb6 axb6 8. Na3
Bf5 9. Nb5 Ra5 10. a4 Bc2 11. Na3 Bxa4 12. Nd2 e6 13. Be2 b5 14. O-O b4 15.
cxb4 Bxb4 16. Ndb1 Ne4 17. f3 Nd2 18. Nxd2 Bxd2 19. g3 b5 20. Nb1 Bb4 21. Nc3
Kd7 22. Ra2 Rha8 0-1

[Event "Superettan(Kamraterna-Upsala)"]
[Site "?"]
[Date "2023.03.12"]
[Round "9"]
[White "Svenn, Gosta"]
[Black "Wagner, Stephan"]
[Result "1-0"]
[WhiteElo "2269"]
[BlackElo "2254"]
[PlyCount "105"]
[SourceVersionDate "2023.03.30"]

1. d4 Nf6 2. c4 e6 3. Nf3 b6 4. g3 Ba6 5. b3 Bb4+ 6. Bd2 Be7 7. Bg2 c6 8. Bc3
d5 9. Nbd2 Nbd7 10. O-O O-O 11. Re1 Bb7 12. Qc2 c5 13. Rad1 Qc8 14. dxc5 Bxc5
15. e3 dxc4 16. Nxc4 b5 17. Bxf6 Nxf6 18. Nd6 Bxd6 19. Qxc8 Rfxc8 20. Rxd6 Ne4
21. Rd7 Bd5 22. Ne5 f6 23. Nd3 Nc3 24. Nf4 Rd8 25. Rc7 Rac8 26. Rxa7 Bxg2 27.
Kxg2 Ra8 28. Rxa8 Rxa8 29. Nxe6 Rxa2 30. Nd4 b4 31. h4 h5 32. Kf3 g5 33. hxg5
fxg5 34. e4 Kf7 35. Ke3 g4 36. Rf1 Kg6 37. Kd3 Ra7 38. e5 Rc7 39. Ra1 Re7 40.
Ra6+ Kg5 41. e6 Nd1 42. Ra5+ Kg6 43. Ke4 Nxf2+ 44. Ke5 Re8 45. Ne2 Nd3+ 46. Kd4
Ne1 47. Nf4+ Kf6 48. Nxh5+ Ke7 49. Ra7+ Kd6 50. Ng7 Nf3+ 51. Ke3 Rg8 52. e7
Rxg7 53. e8=N+ 1-0

[Event "Superettan(Burgsvik-Orgryte)"]
[Site "?"]
[Date "2023.03.12"]
[Round "9"]
[White "Kumar, Rahul"]
[Black "Packalen, Marcus"]
[Result "1/2-1/2"]
[WhiteElo "2212"]
[BlackElo "2124"]
[PlyCount "95"]
[SourceVersionDate "2023.03.29"]

1. d4 Nf6 2. Nf3 g6 3. Bf4 Bg7 4. e3 O-O 5. Be2 d6 6. h3 Nc6 7. O-O Nd7 8. c3
e5 9. Bh2 e4 10. Nfd2 f5 11. a4 Qh4 12. Na3 a6 13. b4 Nf6 14. b5 Ne7 15. c4 g5
16. Qc2 Ng6 17. f3 Bd7 18. b6 c5 19. Bxd6 cxd4 20. fxe4 fxe4 21. exd4 Nf4 22.
Bxf4 gxf4 23. Nxe4 Nxe4 24. Qxe4 Rae8 25. Qd5+ Be6 26. Qh5 Bxd4+ 27. Kh1 Qxh5
28. Bxh5 Bxa1 29. Rxa1 Re7 30. Bf3 Rc8 31. Re1 Rd8 32. Re4 Rd3 33. Nc2 Kf8 34.
Nb4 Rc3 35. Rxf4+ Ke8 36. Nd5 Bxd5 37. Bxd5 Ra3 38. Rg4 Rxa4 39. Rg8+ Kd7 40.
Bxb7 Rxc4 41. Bxa6 Rc1+ 42. Kh2 Rb1 43. b7 Re8 44. Rg7+ Re7 45. Rg4 Re6 46.
Rg7+ Re7 47. Rg8 Re8 48. Rg7+ 1/2-1/2

[Event "Superettan(Lulea-Orebro)"]
[Site "?"]
[Date "2023.03.12"]
[Round "9"]
[White "Ivraeus, Love"]
[Black "Liden, Tommy"]
[Result "0-1"]
[WhiteElo "2053"]
[BlackElo "2056"]
[PlyCount "54"]
[SourceVersionDate "2023.03.30"]

1. d4 d5 2. Nf3 e6 3. g3 Nf6 4. Bg2 Be7 5. O-O O-O 6. c4 c6 7. Nc3 Nbd7 8. b3
b6 9. Ne5 Nxe5 10. dxe5 Nd7 11. cxd5 cxd5 12. e4 Ba6 13. exd5 Bxf1 14. Kxf1 Bb4
15. Bb2 Rc8 16. dxe6 fxe6 17. Ne4 Qe8 18. f4 Be7 19. Bh3 Qg6 20. Qxd7 Qxe4 21.
Bxe6+ Kh8 22. Qd5 Rxf4+ 23. gxf4 Qxf4+ 24. Kg1 Rc2 25. Qa8+ Bf8 26. Bd4 Qxd4+
27. Kf1 Qxa1# 0-1